00261nam a2200097Ia 4500008004100000100002200041245004800063260003200111300000900143490001100152201216s9999 xx 000 0 und d aCarlisle, Richard 0a(The) Illustrated Encyclopaedia of Mankind  aNew YorkbMarshal Cavendish a1061 vVol. 8